Event management: (Record no. 592)

MARC details
000 -LEADER
fixed length control field 00625nam a22001817a 4500
005 - DATE AND TIME OF LATEST TRANSACTION
control field 20230617031734.0
008 - FIXED-LENGTH DATA ELEMENTS--GENERAL INFORMATION
fixed length control field 230119b |||||||| |||| 00| 0 eng d
020 ## - INTERNATIONAL STANDARD BOOK NUMBER
International Standard Book Number 978-981-0697-30-3
082 ## - DEWEY DECIMAL CLASSIFICATION NUMBER
Classification number 394.2068 W131 2009
100 ## - MAIN ENTRY--PERSONAL NAME
Personal name Wagen, Lynn V.
Relator term author
245 ## - TITLE STATEMENT
Title Event management:
Remainder of title for tourism, cultural, business and sporting event /
Statement of responsibility, etc. Lynn Vander Wagen
250 ## - EDITION STATEMENT
Edition statement 3rd ed.
260 ## - PUBLICATION, DISTRIBUTION, ETC.
Place of publication, distribution, etc. Singapore:
Name of publisher, distributor, etc. Pearson Education South Asia,
Date of publication, distribution, etc. c2009.
300 ## - PHYSICAL DESCRIPTION
Extent xi, 424p.;
Other physical details ill.
504 ## - BIBLIOGRAPHY, ETC. NOTE
Bibliography, etc. note Includes bibliographies and index
541 ## - IMMEDIATE SOURCE OF ACQUISITION NOTE
Accession number 4246 c.1, 4257 c.2, 4336 c.3, 4337 c.4
650 ## - SUBJECT ADDED ENTRY--TOPICAL TERM
Topical term or geographic name entry element Special events - Management
Holdings
Withdrawn status Lost status Source of classification or shelving scheme Damaged status Not for loan Home library Current library Date acquired Total Checkouts Full call number Barcode Date last seen Copy number Price effective from Koha item type
    Dewey Decimal Classification     ctu-moalboal ctu-moalboal 11/01/2015   394.2068 W131 2009 4246 01/19/2023 1 01/19/2023 Books-Reference
    Dewey Decimal Classification     ctu-moalboal ctu-moalboal 11/01/2015   394.2068 W131 2009 4257 01/19/2023 2 01/19/2023 Books-Reference
    Dewey Decimal Classification     ctu-moalboal ctu-moalboal 02/17/2016   394.2068 W131 2009 4336 01/19/2023 3 01/19/2023 Books-Reference
    Dewey Decimal Classification     ctu-moalboal ctu-moalboal 02/17/2016   394.2068 W131 2009 4337 01/19/2023 4 01/19/2023 Books-Reference